000 00830nam a2200229Ii 4500
003 JO-AjNU
008 230605s9999||||xx |||||||||||||| ||und||
017 _a14632/9
020 _a977-567762-9
040 _aJO-AjNU
_bara
_erda
_cJO-AjNU
041 _aara
050 1 4 _aHV560.A8482 2013
100 3 _aعتلم، شريف,
_eauthor
_964473
245 0 0 _aدور اللجنة الدولية للصليب الاحمر في انماء وتطوير قواعد القانون الدولي الانساني
250 _aط3
264 3 1 _aالقاهرة: اللجنة الدولية للصليب الاحمر، 2013
300 _a371ص
336 _atext
_btxt
_2rdacontent
337 _aunmediated
_bn
_2rdamedia
338 _avolume
_bnc
_2rdacarrier
650 4 _aالقانون الدولي الانساني-تطوير
_964474
999 _aA29384
_c32952
_d32952